Rektorát a celouniverzitné ústavy a pracoviská Ekonomickej univerzity v Bratislave akademický rok 2019/2020
Gespeichert in:
| Körperschaft: | |
|---|---|
| Weitere Verfasser: | |
| Format: | Buch |
| Sprache: | Slowakisch |
| Veröffentlicht: |
Bratislava
Vydavateľstvo EKONÓM
2019
|
| Ausgabe: | 1. vydanie |
| Schlagworte: | |
| Tags: |
Keine Tags, Fügen Sie das erste Tag hinzu!
|
MARC
| LEADER | 00000nam a2200000 4500 | ||
|---|---|---|---|
| 001 | 0259049 | ||
| 005 | 20240318125812.4 | ||
| 020 | |a 978-80-225-4637-9 | ||
| 041 | 0 | |a slo | |
| 044 | |a SK | ||
| 245 | 1 | 0 | |a Rektorát a celouniverzitné ústavy a pracoviská Ekonomickej univerzity v Bratislave |b akademický rok 2019/2020 |c zostavili: Jana Čajkovičová |
| 250 | |a 1. vydanie | ||
| 264 | 1 | |a Bratislava |b Vydavateľstvo EKONÓM |c 2019 | |
| 300 | |a 51 s. | ||
| 610 | 2 | 0 | |a univerzity |
| 610 | 2 | 0 | |a školy vysoké |
| 610 | 2 | 0 | |a vzdelávanie vysokoškolské |
| 610 | 2 | 0 | |a štruktúra organizačná |
| 610 | 2 | 0 | |a zamestnanci |
| 700 | 1 | |a Čajkovičová, Jana, 1964- | |
| 710 | 2 | |a Ekonomická univerzita v Bratislave | |